00461nam a2200169Ia 450000500170000000800410001702000150005808200210007324500720009426000390016630000120020565000100021765000100022765000250023765000110026270000180027320250217055117.0240331s9999 xx 000 0 und d a041507908X bSAS23893a305.4 0aWomen and the State:bThe Shifting Boundaries of Public and Private aLondon;aNew YorkbRoutledgec1992 a311 p., aWomen aState aContemporary Society aFamily aSassoon, A. S